000 00898nam a22002417a 4500
999 _c1967
_d1967
003 AR-CdUCM
008 190228b ||||| |||| 00| 0 spa d
040 _aMUNICIPALIDAD PROVINCIAL DEL CUSCO
_cBIBLIOTECA MUNICIPAL DEL CUSCO
041 _hita
082 _a335 /
_bG48
100 _aGiolitti, Antonio
_97181
245 _aEl comunismo en Europa :
_bde Stalin A Kruschev /
260 _aMéxico :
_bUTEHA,
_c1961.
300 _aVII, 353 páginas ;
_c17 cm.
440 _aManuales UTEHA.
_n86/86a
_nsección 14 Ciencias Sociales.
_97182
505 _aContenido: La política del frente popular -- La guerra y la resistencia -- Del fin de la guerra a la muerte de Stalin -- El deshielo y el XX congreso.
650 _aComunismo
_9495
650 _aEuropa
_91221
650 _aGuerra - Resistencia
_97183
700 _aGerhard, Carlos (traducción)
_96079
942 _2ddc
_cLIBROS
945 _aachl